Top 10 most expensive metals - Statistics

General Stats
  • This quiz has been taken 133 times
  • The average score is 5 of 10
Answer Stats
Rank Answer % Correct
3 Gold
99%
9 Silver
90%
2 Platinum
83%
7 Palladium
43%
5 Iridium
33%
6 Osmium
32%
1 Rhodium
27%
4 Ruthenium
21%
8 Rhenium
19%
10 Indium
13%
No matching quizzes found
Score Distribution
Percent of People with Each Score
Percentile by Number Answered
Your Score History
You have not taken this quiz